Memoria 2006 /

Enregistré dans:
Détails bibliographiques
Collectivité auteur: Instituto Nacional de Estadísticas y Censos. (Costa Rica)
Format: Texte
Sujets:
Tags: Ajouter un tag
Pas de tags, Soyez le premier à ajouter un tag!

MARC

LEADER 00000 a a2200000 04500
001 44530
003
040
110 |a Instituto Nacional de Estadísticas y Censos. (Costa Rica)  
245 |a Memoria 2006 /  |c Instituto Nacional de Estadísticas y Censos. (Costa Rica)  
650 |a INFORMES ANUALES  
650 |a ESTADISTICA  
650 |a ESTADISTICAS VITALES  
650 |a ESTADISTICAS SOCIALES  
650 |a CANASTA BASICA  
650 |a INDICES DE PRECIOS  
773 |g número1 (2006), 27 páginas  
999 |c 24773  |d 24773